| 000 | 00746nam a2200229 i 4500 | ||
|---|---|---|---|
| 001 | 17110 | ||
| 003 | ES-MaACL | ||
| 005 | 20230906151515.0 | ||
| 007 | t| | ||
| 008 | 001220s2000 sp ||||1| spa d | ||
| 020 | _a84-254-2132-2 | ||
| 080 | _a929 Gadamer, Hans Georg | ||
| 100 | 1 |
_aGrondin, Jean. _960131 |
|
| 245 | 1 | 0 |
_aHans-Georg Gadamer _b: una biografía / _cJean Grondin ; traducción: Angela Ackermann Pilári, Roberto Bernet, Eva Martín-Mora. |
| 260 |
_aBarcelona : _bHerder, _c[2000] |
||
| 300 |
_a519 p. ; _c22 cm. |
||
| 600 | 1 | 4 |
_aGadamer, Hans Georg. _953182 |
| 700 | 1 |
_aAckerman Pilári, Angela. _918279 |
|
| 700 | 1 |
_aBernet, Roberto. _928318 |
|
| 700 | 1 |
_aMartín-Mora, Eva. _977575 |
|
| 852 |
_aES-MaACL _jL-23953 _bR.129413 |
||
| 999 |
_c17110 _d17110 |
||